000 00583nam a2200181 a 4500
005 20140412111225.0
008 010424s19uu xx 00 eng d
020 _a1-57471-082-6
050 _aBB
_bGi515 1995
100 _aWilliams, Rozanne Lanzack
245 _aThe giraffe made her laugh /
_cwritten by Rozanne Lanzack Williams; illustrated by Karl Edwards.
260 _aCypress, CA :
_bCreative Teaching Press,
_c1995.
300 _a1 v. (unp.) ; ill.
440 _aLearn to Read-Read to Learn
650 _aFun & fantasy
650 _aChildren's stories
999 _c102012
_d102012